000 00257nam a2200109Ia 4500
008 220204s9999 xx 000 0 und d
082 _a82-3
_bKEN
100 _aKent, Pamela
245 0 _aBladon's rock
260 _aLondon
_bMills and boon
_c1963
942 _cBK
999 _c33166
_d33166